Vista normal Vista MARC

Entrada Topical Term

Número de registros utilizados en: 1

001 - CONTROL NUMBER

  • control field: 44556

003 - CONTROL NUMBER IDENTIFIER

  • control field: OSt

005 - DATE AND TIME OF LATEST TRANSACTION

  • control field: 20260225150922.0

008 - FIXED-LENGTH DATA ELEMENTS

  • fixed length control field: 260225|| aca||aabn | a|a d

040 ## - CATALOGING SOURCE

  • Original cataloging agency: OSt
  • Transcribing agency: OSt

150 ## - HEADING--TOPICAL TERM

  • Topical term or geographic name entry element: Análisis multivariante
  • General subdivision: Análisis estadístico

670 ## - SOURCE DATA FOUND

  • Source citation: Work cat.: (OSt)31158: Johnson, Dallas E. 1938 - 44554, Métodos multivariados aplicados al análisis de datos /, 2000